| 000 | 01646cam a22004337a 4500 | ||
|---|---|---|---|
| 999 |
_c329242 _d329242 |
||
| 001 | 17506849 | ||
| 003 | ASAB | ||
| 005 | 20170428120823.0 | ||
| 008 | 121024s2011 enka b 001 0 eng c | ||
| 010 | _a 2012419805 | ||
| 015 |
_aGBB099359 _2bnb |
||
| 016 | 7 |
_a101553941 _2DNLM |
|
| 016 | 7 |
_a015630615 _2Uk |
|
| 020 | _a9781849730013 | ||
| 020 | _a1849730016 | ||
| 035 | _a(OCoLC)ocn696741569 | ||
| 040 | _cASAB | ||
| 042 | _apcc | ||
| 050 | 0 | 0 |
_aQH588.S83 _bS738773 2011 |
| 060 | 0 | 0 | _a2011 B-694 |
| 060 | 1 | 0 | _aQU 325 |
| 082 | _a616.02 | ||
| 245 | 0 | 0 |
_aStem cell-based tissue repair / _cedited by Raphael Gorodetsky, Richard Schäfer. |
| 260 |
_aCambridge, UK : _bRSC Pub., _cc2011. |
||
| 300 |
_axii, 391 p. : _bill. _c24 cm. |
||
| 504 | _aIncludes bibliographical references and index. | ||
| 650 | 0 |
_aStem cells _xTherapeutic use. |
|
| 650 | 0 | _aTissues. | |
| 650 | 0 | _aRegeneration (Biology) | |
| 650 | 1 | 2 | _aStem Cells. |
| 650 | 2 | 2 | _aRegeneration. |
| 650 | 2 | 2 | _aTissues. |
| 700 | 1 | _aGorodetsky, Raphael. | |
| 700 | 1 |
_aSchäfer, Richard, _d1970- |
|
| 710 | 2 | _aRoyal Society of Chemistry (Great Britain) | |
| 856 | 4 | 2 |
_3Contributor biographical information _uhttp://www.loc.gov/catdir/enhancements/fy1304/2012419805-b.html |
| 856 | 4 | 2 |
_3Publisher description _uhttp://www.loc.gov/catdir/enhancements/fy1304/2012419805-d.html |
| 856 | 4 | 1 |
_3Table of contents only _uhttp://www.loc.gov/catdir/enhancements/fy1304/2012419805-t.html |
| 906 |
_a7 _bcbc _cpccadap _d2 _encip _f20 _gy-gencatlg |
||
| 942 |
_2ddc _cBK |
||